Principles of mathematical analysis
Saved in:
| Hovedforfatter: | |
|---|---|
| Format: | Bog |
| Sprog: | engelsk |
| Udgivet: |
Nueva York
McGraw Hill
1964
|
| Udgivelse: | 2a. ed |
| Serier: | Pure and Applied Mathematics
|
| Fag: | |
| Tags: |
Tilføj Tag
Ingen Tags, Vær først til at tagge denne postø!
|
MARC
| LEADER | 00000nam a2200000 a 4500 | ||
|---|---|---|---|
| 001 | UCL7294 | ||
| 003 | CL-VaPUC | ||
| 008 | 040514e19640000US |||||||||||||||||eng|d | ||
| 082 | 0 | 4 | |a 515 |b RUD |2 21 |
| 100 | 0 | |a Rudin, Walter |e author |9 485201 | |
| 245 | 1 | 0 | |a Principles of mathematical analysis |
| 250 | |a 2a. ed | ||
| 300 | |a 270 p | ||
| 942 | |c BK | ||
| 945 | |d 20040514 00:00:00 |a cmena | ||
| 260 | |a Nueva York |b McGraw Hill |c 1964 | ||
| 650 | 0 | |a Análisis matemático |9 260146 | |
| 583 | |a last modification |c 20040514 00:00:00 |k Rodrigo Vera | ||
| 490 | 0 | |a Pure and Applied Mathematics | |
| 999 | |c 309139 |d 309137 | ||
| 952 | |0 0 |1 0 |4 0 |6 515_000000000000000_RUD_1964 |7 0 |8 A |9 376486 |a BIBMAT |b BIBMAT |d 2019-11-21 |i 4015452 |l 3 |o 515 RUD 1964 |p 4015452 |r 2025-01-07 |s 2022-11-03 |w 2019-11-21 |y BK |k MAT | ||